| 000 | 00962caa a22002417a 4500 | ||
|---|---|---|---|
| 999 |
_c422193 _d422193 |
||
| 001 | 133462 | ||
| 003 | UA-OsUOA | ||
| 005 | 20200129124354.0 | ||
| 007 | ta | ||
| 008 | 20181024b un ||||| |||| 00| 0 ukr d | ||
| 040 |
_aUA-OsUOA _brus _cUA-OsUOA _dUA-OsUOA |
||
| 041 | _arus | ||
| 080 | _a908 | ||
| 090 |
_a908 _bЯ62 |
||
| 100 | _aЯнковская Л. | ||
| 245 |
_aОстрожская библия в малоизвестых сочинениях св. Дмитрия Митрополита Ростовского _cЛ. Янковская |
||
| 300 | _aС. 70–78 | ||
| 650 | 7 |
_a908 Краєзнавство _2UDC |
|
| 773 | 0 |
_0308942 _9306606 _dОстрог Видавничий комплекс Університету "Острозька Академія" 2000 _o99670 _tНаукові записки _w(UA-OsUOA) 22714 _z966-7631-03-6 |
|
| 942 |
_cBKA _2udc |
||
| 955 | _a1 | ||